MARC

LEADER 00000nam0a2200000 4500
001 6361
005 20231030180106.0
010 |a 5769200596 
035 |a (RuTPU)RU\TPU\book\6394 
035 |a BOOK00006450 
090 |a 6361 
100 |a 20011209d1997 m y0rusy50 ca 
101 0 |a eng 
102 |a RU 
105 |a y z 000ay 
200 1 |a An Evening by the Fireside  |a Вечер у камина 
210 |a Новосибирск  |c Изд-во СО РАН  |d 1997 
215 |a 130 p. 
610 1 |a новеллы 
610 1 |a 20 век 
610 1 |a английский язык 
610 1 |a книги для чтения 
610 1 |a домашнее чтение 
610 1 |a художественная литература 
686 |a Ш143.21-923.8  |2 rubbk 
801 0 |a RU  |b 63413507  |c 20011209  |g PSBO 
801 2 |a RU  |b 63413507  |c 20110512  |g PSBO 
942 |c BK